| 000 | 00873nam a22002057a 4500 | ||
|---|---|---|---|
| 999 |
_c13782 _d13782 |
||
| 003 | AR-CdUCM | ||
| 008 | 190328b ||||| |||| 00| 0 spa d | ||
| 040 |
_aMUNICIPALIDAD PROVINCIAL DEL CUSCO _cBIBLIOTECA MUNICIPAL DEL CUSCO |
||
| 041 | _hita | ||
| 082 |
_a909 / _bC25 / 1875 |
||
| 100 |
_aCantú, César _918527 |
||
| 245 |
_aHistoria universal : _bhistoria de los 100 años / |
||
| 260 |
_aParís : _bLibrería de Garnier hermanos, _c1869. |
||
| 300 |
_a958 páginas ; _bilustraciones a color y b/n ; _c27 cm. |
||
| 500 | _a"Traducida del italiano conforme á la última edicion de Turin. Única edicion española completa, aprobada por el auctor, hecha á; su vista y con su cooperacion. Ilustrada con láminas, retratos y mapas" | ||
| 505 | _aHistoria de los 100 años... | ||
| 650 |
_aHistoria universal _91423 |
||
| 942 |
_2ddc _cLIBROS |
||
| 945 |
_awfj _d2019-04-16 |
||